Normal view
MARC view
- فرحات، يوسف شكري
Entry Personal Name
001 - CONTROL NUMBER
- control field: 59435
003 - CONTROL NUMBER IDENTIFIER
- control field: JO-AjAnu
005 - DATE AND TIME OF LATEST TRANSACTION
- control field: 20230606083723.0
008 - FIXED-LENGTH DATA ELEMENTS
- fixed length control field: 230606|| aca||aabn | a|a d
040 ## - CATALOGING SOURCE
- Original cataloging agency: JO-AjAnu
- Transcribing agency: JO-AjAnu
100 ## - HEADING--PERSONAL NAME
- Personal name: فرحات، يوسف شكري
670 ## - SOURCE DATA FOUND
- Source citation: Work cat.: (JO-AjAnu)30314: فرحات، يوسف شكري, author, ديوان السفيرين: النابغة الذبياني عبيد بن الابرص